000 00354nam a2200145Ia 4500
003 OSt
008 191201s2019 xx 000 0 und d
082 _a621.85
_bKRE
100 _aKRISHANAN,R.
245 0 _aElectric Motor Drives Modeling, Analysis, and Control
260 _aNew Delhi
_bPearson
300 _a626
650 _aB.Tech(ECE)
942 _2ddc
_cBK
999 _c427
_d427